Kvantitatívne porovnanie potravinového odpadu na Slovensku a v susediacich krajinách

Analýza množstva odpadu živočíšneho a rastlinného pôvodu, ktorý sa tvorí v jednotlivých segmentoch potravinového reťazca v Slovenskej republike a v geograficky susediacich štátoch, ktoré sú členmi EÚ. Zisťovanie, v ktorom segmente potravinového reťazca sa generuje najväčší objem potravinového odpadu...

Ausführliche Beschreibung

Gespeichert in:
Bibliographische Detailangaben
1. Verfasser: Masár, Ivan
Format: Buchkapitel
Sprache:Slowakisch
Schlagworte:
Tags: Tag hinzufügen
Keine Tags, Fügen Sie das erste Tag hinzu!

MARC

LEADER 00000naa a2200000 4500
001 0283187
005 20240417075202.1
041 0 |a slo 
044 |a SK 
245 1 0 |a Kvantitatívne porovnanie potravinového odpadu na Slovensku a v susediacich krajinách  |c Ivan Masár 
520 |a Analýza množstva odpadu živočíšneho a rastlinného pôvodu, ktorý sa tvorí v jednotlivých segmentoch potravinového reťazca v Slovenskej republike a v geograficky susediacich štátoch, ktoré sú členmi EÚ. Zisťovanie, v ktorom segmente potravinového reťazca sa generuje najväčší objem potravinového odpadu. 
610 2 0 |a odpad 
610 2 0 |a potraviny 
610 2 0 |a správanie spotrebiteľa 
610 2 0 |a ochrana prostredia životného 
610 2 0 |a Slovensko 
610 2 0 |a Európska únia 
100 1 |a Masár, Ivan